000 00839cam a22002773a 4500
001 18811
003 PGUSA
005 20140828083411.0
008 060712s2006||||xxu|||||s|||||000 | eng d
040 _aPGUSA
_beng
042 _adc
050 4 _aPZ
100 1 _aMacDonald, George,
_d1824-1905
245 1 4 _aThe Light Princess and Other Fairy Stories
_h[electronic resource] /
_cGeorge MacDonald
260 _bProject Gutenberg,
_c2006
505 0 _aThe light princess -- The giant's heart -- The golden key.
506 _aPublic domain in the USA.
516 _aElectronic text
653 _aChildren's stories, English
653 _aShort stories
653 _aFairy tales
653 _aFairy tales -- Great Britain
830 0 _aProject Gutenberg
_v18811
856 4 0 _uhttp://www.gutenberg.org/ebooks/18811
942 _cEB
999 _c248066
_d248066